| 000 | 00351nam a22001457a 4500 | ||
|---|---|---|---|
| 008 | 210308b ||||| |||| 00| 0 eng d | ||
| 020 | _a2900078110893 | ||
| 041 | _aeng | ||
| 080 |
_26th _a330.722.6 |
||
| 082 | _a330.722.6 | ||
| 100 | _a62 | ||
| 101 | _aKF | ||
| 245 |
_aFundamental Managerial Accounting Concepts _cEdmonds, Th.P |
||
| 942 |
_2udc _cBK |
||
| 999 |
_c56011 _d56011 |
||